Berühmte Portugiesen - Statistiken

Allgemein
  • Dieses Quiz wurde 98 mal gespielt
  • Das Durchschnittsergebnis liegt bei 6 aus 20
Antwortstatistiken
Hint Antwort % Korrekt
5x Weltfußballer, Kapitän der Nationalmannschaft, 09-18 bei Real Madrid, danach bei Juventus Cristiano Ronaldo
96%
Seefahrer und Entdecker des Seewegs nach Indiens Vasco da Gama
80%
Seefahrer, der zur ersten Weltumsegelung aufbrach und auf dem Weg auf den Phillipinen starb Ferdinand Magellan
77%
Weltfußballer 2001, 95-00 bei Barca, 00-05 bei Real Madrid, 05-09 bei Inter Luís Figo
59%
Fußballspieler, spielte bei Benfica von 1960-1975, „Pantera Negra“, Torschützenkönig bei der WM 1966 Eusebio
51%
Fußballtrainer, Meister mit: Porto (03,04), Chelsea (05,06,15), Inter (09,10), Real Madrid (12); seit 2019 bei Tottenham José Mourinho
49%
Fußball-Linksaußen(verteidiger), seit 2016 bei Borussia Dortmund Raphaël Guerreiro
33%
Premierminister von 1995 bis 2002, seit 2017 Generalsekretär der UNO António Guterres
31%
Diktator Portugals von 1932 bis 1968 im Estado Novo António de Oliveira Salazar
28%
Gouverneur von Portugiesisch Indien, Eroberer von Goa, Malakka und Hormuz, heißt wie eine Stadt in New Mexico Afonso de Albuquerque
17%
Ministerpräsident Portugals von 2002-2004, EU-Kommissionspräsident von 2004-2014 José Manuel Barroso
16%
Seefahrer, welcher als erster Europäer die Südspitze Afrikas umsegelte Bartolomeu Dias
15%
Prinz und Schirmherr der ersten portugiesischen Entdeckungsfahrten an Afrikas Westküste Heinrich der Seefahrer
14%
Erster Kaiser Brasiliens, besiegelte die brasilianische Unabhängigkeit nach der Napoleonischen Ära Pedro I
12%
Nationaldichter Portugals, verfasste die Lusiaden Luís de Camões
10%
Erste Königin Portugals von 1777 bis 1816 Maria I
10%
Pessimistischer Dichter: Das Buch der Unruhe, Ein anarchistischer Bankier, Mensagem Fernando Pessoa
9%
Sängerin, „Königin des Fados“: April in Portugal Amália Rodrigues
7%
Seefahrer, erster Europäer der nachgewiesen in Brasilien war, sowie Kommandeur der 2. Indienexpedition Pedro Álvares Cabral
6%
Diplomat und Konsul in Bordeaux während des 2. Weltkrieges, stellte Visa für Juden und andere Flüchtlinge aus und rettete tausenden Menschen das Leben Aristides de Sousa Mendes
4%
Keine übereinstimmenden Quizze gefunden
Verteilung der Resultate
Anzahl Personen mit jedem Resultat
Perzentil nach korrekt beantworteten Fragen
Ihre Resultats-Entwicklung
Sie haben dieses Quiz noch nicht gespielt